Biblioteca

The path of prayer / Samuel Chadwick (Registro nro. 35478)

Detalles MARC
000 -LÍDER
Campo fijo de descripción fija 003380000a22001450004500
041 0# - CÓDIGO DE IDIOMA
Código de idioma para texto/pista de sonido o título separado
082 04 - NÚMERO DE CLASIFICACIÓN DECIMAL DEWEY
Número de clasificación G 242 C4323p
001 - NÚMERO DE CONTROL
Campo de control 4947
100 1# - ASIENTO PRINCIPAL--NOMBRE PERSONAL
Nombre personal Chadwick, Samuel (1860-1932)
245 10 - TÍTULO
Título del Material The path of prayer / Samuel Chadwick
260 ## - PUBLICACIÓN, DISTRIBUCIÓN, ETC. (PIE DE IMPRENTA)
Lugar de publicación, distribución, etc. New York, New York, USA : Abingdon
300 ## - DESCRIPCIÓN FÍSICA
Extensión 133 Pag
650 14 - ASIENTO SECUNDARIO DE MATERIA - TERMINO TEMÁTICO
Término temático o nombre geográfico como elemento de entrada ORACION
942 ## - TIPO DE MATERIAL (KOHA)
Tipo de Item KOHA Libros General

No hay ítems disponibles.

Biblioteca FUSBC | Teléfono: (57+4) 349 88 10 Ext. 141| WhatsApp (+57) 3005338115 
E-mail: biblioteca@unisbc.edu.co | Calle 76 87-14 Robledo Palenque, Medellín, Colombia

Con tecnología Koha